[Event "20. Obert Int. Sant Marti 2018 - B"]
[Site "Barcelona ESP"]
[Date "2018.07.14"]
[Round "2.30"]
[White "Minko, Olga"]
[Black "Cabrera Ojeda, Roberto"]
[Result "1/2-1/2"]
[WhiteElo "1822"]
[BlackElo "1652"]
[PlyCount "52"]
[EventDate "2018.07.13"]
[EventType "swiss"]
[EventRounds "9"]
[EventCountry "ESP"]
[SourceTitle "Ajedrez en Madrid"]
[Source "lmi"]
[SourceDate "2018.07.13"]
[SourceVersion "1"]
[SourceVersionDate "2019.06.21"]
[SourceQuality "1"]

1. e4 e5 2. Nf3 Nf6 3. Nc3 Bb4 4. a3 Bxc3 5. dxc3 O-O 6. Bg5 h6 7. Bxf6 Qxf6 8.
Qd2 d6 9. Be2 Be6 10. O-O-O Nd7 11. Rhg1 Nc5 12. Qe3 Bd7 13. h4 Ne6 14. Bc4 Bc6
15. g4 Qf4 16. Rde1 Qxe3+ 17. Rxe3 g6 18. Nd2 Nf4 19. Nf1 b5 20. Bb3 a5 21. Ng3
Bd7 22. Ne2 Ne6 23. Kb1 Kg7 24. Ng3 Nf4 25. Ne2 Nxe2 26. Rxe2 Be6 1/2-1/2

[Event "20. Obert Int. Sant Marti 2018 - B"]
[Site "Barcelona ESP"]
[Date "2018.07.14"]
[Round "2.31"]
[White "Sarrate Presas, Jordi"]
[Black "Julia Yebra, David"]
[Result "1-0"]
[WhiteElo "1648"]
[BlackElo "1808"]
[PlyCount "116"]
[EventDate "2018.07.13"]
[EventType "swiss"]
[EventRounds "9"]
[EventCountry "ESP"]
[SourceTitle "Ajedrez en Madrid"]
[Source "lmi"]
[SourceDate "2018.07.13"]
[SourceVersion "1"]
[SourceVersionDate "2019.06.21"]
[SourceQuality "1"]

1. e4 c5 2. Nf3 d6 3. Bb5+ Bd7 4. Bxd7+ Nxd7 5. O-O Ngf6 6. Re1 g6 7. d4 cxd4
8. Nxd4 Bg7 9. Nc3 O-O 10. Be3 Ne5 11. f3 Nc4 12. Bc1 Qa5 13. Nce2 Rac8 14. b3
Ne5 15. c4 Nfd7 16. Be3 a6 17. a3 Qc7 18. Nf4 Nf6 19. Nd3 Nc6 20. Nxc6 Qxc6 21.
Nb4 Qd7 22. Rc1 b5 23. Nxa6 bxc4 24. bxc4 Ra8 25. Nb4 Rxa3 26. c5 dxc5 27. Bxc5
Qxd1 28. Rexd1 Bh6 29. Rb1 Be3+ 30. Bxe3 Rxe3 31. Nd5 Nxd5 32. Rxd5 Rc3 33. Rd7
e6 34. Rbb7 Rc2 35. h3 Rc5 36. Kf2 h5 37. h4 Kg7 38. Re7 Kg8 39. Kg3 e5 40. Kh3
Kg7 41. Rb6 Ra8 42. Rbb7 Rf8 43. g4 Kf6 44. g5+ Kg7 45. Rb6 Rc1 46. Rxe5 Rh1+
47. Kg3 Rg1+ 48. Kh2 Rc1 49. Re7 Rc2+ 50. Kg3 Rc1 51. Rf6 Rg1+ 52. Kh2 Rf1 53.
Kg2 Rc1 54. e5 Rc5 55. e6 Rf5 56. Rxf5 gxf5 57. Rxf7+ Rxf7 58. exf7 Kxf7 1-0

[Event "20. Obert Int. Sant Marti 2018 - B"]
[Site "Barcelona ESP"]
[Date "2018.07.14"]
[Round "2.32"]
[White "Povill Claros, Laura"]
[Black "Carrasco Cortada, Juan"]
[Result "1/2-1/2"]
[WhiteElo "1802"]
[BlackElo "1649"]
[PlyCount "48"]
[EventDate "2018.07.13"]
[EventType "swiss"]
[EventRounds "9"]
[EventCountry "ESP"]
[SourceTitle "Ajedrez en Madrid"]
[Source "lmi"]
[SourceDate "2018.07.13"]
[SourceVersion "1"]
[SourceVersionDate "2019.06.21"]
[SourceQuality "1"]

1. e4 e5 2. Nf3 Nc6 3. Bb5 a6 4. Ba4 Nf6 5. d3 Bc5 6. O-O d6 7. c3 h6 8. Nbd2
b5 9. Bb3 O-O 10. h3 Bb6 11. Re1 Na5 12. Bc2 c5 13. Nf1 Nc6 14. Ne3 Be6 15. a4
Qd7 16. Bb3 Ne7 17. Bc2 Ng6 18. d4 cxd4 19. cxd4 exd4 20. Nxd4 Bxd4 21. Qxd4
Rac8 22. Bd3 Ne5 23. Be2 Nc6 24. Qd3 Ne5 1/2-1/2

[Event "20. Obert Int. Sant Marti 2018 - B"]
[Site "Barcelona ESP"]
[Date "2018.07.14"]
[Round "2.33"]
[White "Corominas Garrido, Antonio"]
[Black "Saxena, Anshul"]
[Result "0-1"]
[WhiteElo "1798"]
[BlackElo "1647"]
[PlyCount "54"]
[EventDate "2018.07.13"]
[EventType "swiss"]
[EventRounds "9"]
[EventCountry "ESP"]
[SourceTitle "Ajedrez en Madrid"]
[Source "lmi"]
[SourceDate "2018.07.13"]
[SourceVersion "1"]
[SourceVersionDate "2019.06.21"]
[SourceQuality "1"]

1. c4 e5 2. Nc3 Nc6 3. g3 f5 4. Bg2 Bb4 5. e3 Nf6 6. Nge2 O-O 7. O-O Bxc3 8.
Nxc3 d6 9. d3 Qe8 10. Rb1 Ne7 11. b4 c6 12. f4 Ng6 13. a4 Be6 14. Qe2 Qd7 15.
b5 exf4 16. exf4 d5 17. cxd5 Nxd5 18. Nxd5 Bxd5 19. Qc2 Bxg2 20. Kxg2 Rac8 21.
bxc6 Rxc6 22. Qb3+ Kh8 23. Qxb7 Qd5+ 24. Kh3 Ne7 25. Qxe7 Rh6+ 26. Qh4 Rxh4+
27. Kxh4 Qg2 0-1

[Event "20. Obert Int. Sant Marti 2018 - B"]
[Site "Barcelona ESP"]
[Date "2018.07.14"]
[Round "2.35"]
[White "Lopez Nadal, Alex"]
[Black "Escofet Llongueras, Joan"]
[Result "1/2-1/2"]
[WhiteElo "1794"]
[BlackElo "1623"]
[PlyCount "144"]
[EventDate "2018.07.13"]
[EventType "swiss"]
[EventRounds "9"]
[EventCountry "ESP"]
[SourceTitle "Ajedrez en Madrid"]
[Source "lmi"]
[SourceDate "2018.07.13"]
[SourceVersion "1"]
[SourceVersionDate "2019.06.21"]
[SourceQuality "1"]

1. e4 e6 2. Nf3 d5 3. e5 c5 4. b4 cxb4 5. d4 Nc6 6. a3 Qb6 7. axb4 Bxb4+ 8. c3
Be7 9. Bd3 Bd7 10. Qc2 Rc8 11. Qd1 a6 12. Ng5 h6 13. Qh5 Bxg5 14. Bxg5 Nge7 15.
O-O Nxd4 16. Be3 Qb2 17. Ra3 Ndf5 18. Bc1 Qb6 19. g4 g6 20. Qh3 Ng7 21. Qh4 Qc7
22. Bg5 Bb5 23. Bxb5+ axb5 24. Bf6 Kf8 25. Rb3 Ng8 26. Rxb5 Nxf6 27. exf6 Ne8
28. g5 Nd6 29. Rb3 Nf5 30. Qb4+ Qd6 31. Qxb7 Re8 32. gxh6 Rxh6 33. Qb4 Kg8 34.
Qxd6 Nxd6 35. Nd2 g5 36. f4 gxf4 37. Rxf4 Nf5 38. Rg4+ Rg6 39. Rbb4 Kh7 40. Nf3
Reg8 41. h3 Rxf6 42. Ng5+ Kh8 43. Nf3 Rxg4+ 44. Rxg4 Nh6 45. Rg3 Nf5 46. Rg4
Ne3 47. Rh4+ Kg7 48. Ne5 Rf5 49. Nd3 Rf1+ 50. Kh2 Rd1 51. Ne5 Rc1 52. Rf4 f6
53. Nd7 Rf1 54. Rxf1 Nxf1+ 55. Kg2 Ne3+ 56. Kf3 Nd1 57. Nc5 Nxc3 58. Nxe6+ Kf7
59. Nf4 d4 60. Nd3 Kg6 61. Kg4 Nd5 62. Kf3 Kf5 63. h4 Ne3 64. Nf4 Ng4 65. Ng2
Ne5+ 66. Kg3 d3 67. Ne3+ Ke4 68. Kf2 Kf4 69. Nd5+ Kg4 70. Nxf6+ Kxh4 71. Ke3
Kg5 72. Nd5 Kf5 1/2-1/2

[Event "20. Obert Int. Sant Marti 2018 - B"]
[Site "Barcelona ESP"]
[Date "2018.07.14"]
[Round "2.36"]
[White "Martin Valentin, Francisco"]
[Black "Pascual Gonzalez-Novelles, David"]
[Result "1-0"]
[WhiteElo "1787"]
[BlackElo "1587"]
[PlyCount "61"]
[EventDate "2018.07.13"]
[EventType "swiss"]
[EventRounds "9"]
[EventCountry "ESP"]
[SourceTitle "Ajedrez en Madrid"]
[Source "lmi"]
[SourceDate "2018.07.13"]
[SourceVersion "1"]
[SourceVersionDate "2019.06.21"]
[SourceQuality "1"]

1. d4 d5 2. c4 c6 3. Nc3 Nf6 4. Nf3 g6 5. Bf4 Bg7 6. e3 O-O 7. Be2 Nbd7 8. Ne5
e6 9. O-O Ne8 10. Nxd7 Bxd7 11. Rc1 Nf6 12. h3 Ne4 13. Nxe4 dxe4 14. Qc2 f5 15.
Rfd1 Qe7 16. c5 e5 17. dxe5 Rad8 18. e6 Bxe6 19. Bd6 Qg5 20. Bxf8 Rxf8 21. Bc4
Bxc4 22. Qxc4+ Kh8 23. Rd7 Bxb2 24. Rb1 Qf6 25. Qb3 Be5 26. Qc2 Qe6 27. Rbxb7
f4 28. Rxh7+ Kg8 29. Qb3 Qxb3 30. axb3 f3 31. Rhe7 1-0

[Event "20. Obert Int. Sant Marti 2018 - B"]
[Site "Barcelona ESP"]
[Date "2018.07.14"]
[Round "2.37"]
[White "Moncunill Calvet, Pol"]
[Black "Minos Constante, Pablo"]
[Result "1/2-1/2"]
[WhiteElo "1621"]
[BlackElo "1781"]
[PlyCount "70"]
[EventDate "2018.07.13"]
[EventType "swiss"]
[EventRounds "9"]
[EventCountry "ESP"]
[SourceTitle "Ajedrez en Madrid"]
[Source "lmi"]
[SourceDate "2018.07.13"]
[SourceVersion "1"]
[SourceVersionDate "2019.06.21"]
[SourceQuality "1"]

1. d4 Nf6 2. Bf4 e6 3. e3 d5 4. c3 c5 5. Nd2 Nc6 6. Ngf3 Bd6 7. Bg3 O-O 8. Bb5
Qe7 9. Bxc6 bxc6 10. Qa4 Bd7 11. Bxd6 Qxd6 12. Qa3 Rfb8 13. dxc5 Qc7 14. b4 a5
15. Qb2 axb4 16. cxb4 Qa5 17. Rb1 Qxa2 18. O-O Qxb2 19. Rxb2 Kf8 20. Ne5 Ke7
21. Ndf3 Ne4 22. Nxd7 Kxd7 23. Ne5+ Kc7 24. Nxf7 Nxc5 25. Ne5 Nd7 26. Nd3 c5
27. Nxc5 Nxc5 28. Rc2 Rxb4 29. Rxc5+ Kd6 30. Rfc1 Rab8 31. Rc6+ Ke7 32. g3 Rb1
33. Kg2 Rxc1 34. Rxc1 Kf6 35. Rc2 Rb4 1/2-1/2

[Event "20. Obert Int. Sant Marti 2018 - B"]
[Site "Barcelona ESP"]
[Date "2018.07.14"]
[Round "2.38"]
[White "Serra Vilaro, Agustin"]
[Black "Raghav, Bansal"]
[Result "0-1"]
[WhiteElo "1780"]
[BlackElo "1541"]
[PlyCount "119"]
[EventDate "2018.07.13"]
[EventType "swiss"]
[EventRounds "9"]
[EventCountry "ESP"]
[SourceTitle "Ajedrez en Madrid"]
[Source "lmi"]
[SourceDate "2018.07.13"]
[SourceVersion "1"]
[SourceVersionDate "2019.06.21"]
[SourceQuality "1"]

1. d4 d5 2. c3 Nf6 3. e3 e6 4. Bd3 c5 5. Nd2 Bd6 6. Ngf3 Nc6 7. O-O O-O 8. dxc5
Bxc5 9. Nb3 Bd6 10. Re1 b6 11. Nbd4 Bb7 12. Qa4 Na5 13. Bf1 a6 14. Bd2 b5 15.
Qc2 Rc8 16. a3 Ne4 17. Rec1 Qf6 18. Be1 Rfd8 19. Nb3 Nc4 20. Nbd2 Nexd2 21.
Nxd2 e5 22. Nxc4 bxc4 23. Rd1 Bc6 24. Rd2 e4 25. Rad1 Be5 26. g3 Rb8 27. Bg2 g5
28. Re2 Rb3 29. Bd2 Bd7 30. h3 Rdb8 31. Bc1 Be6 32. Rf1 Qh6 33. Kh2 g4 34. Rh1
gxh3 35. Kg1 Bg4 36. Rd2 Qe6 37. Bf1 h5 38. Kh2 h4 39. Rg1 Kh8 40. Be2 Rg8 41.
Qd1 Rb5 42. Bxg4 Rxg4 43. Qf1 hxg3+ 44. fxg3 Rg6 45. Rf2 Kg7 46. Rf5 f6 47. Rh5
Rb8 48. Qxh3 Qxh3+ 49. Rxh3 Rg8 50. Bd2 Kf7 51. Be1 Ke6 52. Rg2 R6g7 53. Kg1
Kd6 54. Rh6 Kc5 55. Kf1 Kb5 56. Rd2 Kc5 57. Rg2 Bxg3 58. Bxg3 Rxg3 59. Rhh2
Rxg2 60. Rxg2 0-1

[Event "20. Obert Int. Sant Marti 2018 - B"]
[Site "Barcelona ESP"]
[Date "2018.07.14"]
[Round "2.39"]
[White "Han, Xuqian Ben"]
[Black "Madrid Sole, Antonio"]
[Result "1/2-1/2"]
[WhiteElo "1486"]
[BlackElo "1776"]
[PlyCount "60"]
[EventDate "2018.07.13"]
[EventType "swiss"]
[EventRounds "9"]
[EventCountry "ESP"]
[SourceTitle "Ajedrez en Madrid"]
[Source "lmi"]
[SourceDate "2018.07.13"]
[SourceVersion "1"]
[SourceVersionDate "2019.06.21"]
[SourceQuality "1"]

1. e4 e6 2. d4 d5 3. e5 c5 4. c3 Qb6 5. Nf3 Nc6 6. a3 Bd7 7. b4 cxd4 8. cxd4
Rc8 9. Be3 Nge7 10. Bd3 Nf5 11. O-O Be7 12. Nbd2 O-O 13. Nb3 Qd8 14. Nc5 Rc7
15. Rc1 Bc8 16. Qa4 Bxc5 17. Rxc5 a6 18. b5 axb5 19. Bxb5 Bd7 20. Rb1 Rc8 21.
Rc2 h6 22. Rcb2 Ra8 23. Qb3 Qe7 24. a4 Rfc8 25. Rc2 Be8 26. Rcc1 Bd7 27. h3 Be8
28. Kh1 Bd7 29. Bd3 Nxe3 30. fxe3 Ra7 1/2-1/2

[Event "20. Obert Int. Sant Marti 2018 - B"]
[Site "Barcelona ESP"]
[Date "2018.07.14"]
[Round "2.40"]
[White "Grao Amaya, Rafael"]
[Black "Castillo Rosa, Jose Luis"]
[Result "1-0"]
[WhiteElo "1767"]
[BlackElo "1402"]
[PlyCount "85"]
[EventDate "2018.07.13"]
[EventType "swiss"]
[EventRounds "9"]
[EventCountry "ESP"]
[SourceTitle "Ajedrez en Madrid"]
[Source "lmi"]
[SourceDate "2018.07.13"]
[SourceVersion "1"]
[SourceVersionDate "2019.06.21"]
[SourceQuality "1"]

1. d4 Nf6 2. Bf4 g6 3. e3 Bg7 4. Be2 c5 5. c3 d5 6. Nd2 Bf5 7. dxc5 Nbd7 8. Nb3
e5 9. Bg5 O-O 10. g4 Be6 11. h3 h6 12. Bh4 g5 13. Bg3 Ne4 14. Bh2 Ndxc5 15.
Nxc5 Nxc5 16. Nf3 f6 17. O-O a6 18. Nd2 Rc8 19. Nb3 Qb6 20. Nxc5 Rxc5 21. Qd2
Rfc8 22. Rfd1 Bf7 23. Bd3 d4 24. exd4 exd4 25. cxd4 Rd5 26. Be4 Rdd8 27. d5 Rc5
28. d6 Be6 29. a3 Bd7 30. b4 Rc4 31. Bd5+ Kh8 32. Bxc4 f5 33. gxf5 Bxf5 34. Qd5
Bxa1 35. Be5+ Bxe5 36. Qxe5+ Kh7 37. Qxf5+ Kg7 38. Qe5+ Kh7 39. Bd3+ Kg8 40.
Qe6+ Kh8 41. Qf6+ Kg8 42. Qg6+ Kh8 43. Qh7# 1-0

[Event "20. Obert Int. Sant Marti 2018 - B"]
[Site "Barcelona ESP"]
[Date "2018.07.14"]
[Round "2.41"]
[White "Reyes, Jesus"]
[Black "Elizondo Marquet, Juan Marcos"]
[Result "0-1"]
[WhiteElo "1367"]
[BlackElo "1767"]
[PlyCount "64"]
[EventDate "2018.07.13"]
[EventType "swiss"]
[EventRounds "9"]
[EventCountry "ESP"]
[SourceTitle "Ajedrez en Madrid"]
[Source "lmi"]
[SourceDate "2018.07.13"]
[SourceVersion "1"]
[SourceVersionDate "2019.06.21"]
[SourceQuality "1"]

1. e4 c5 2. Nf3 d6 3. d4 cxd4 4. Nxd4 Nf6 5. Nc3 Nc6 6. f3 e5 7. Nb3 Be7 8. Be3
O-O 9. Qd2 a5 10. Bb5 Na7 11. Bxa7 Rxa7 12. O-O-O Be6 13. Ba4 Ra8 14. Kb1 Qb8
15. g4 Rc8 16. g5 Nh5 17. h4 Rxc3 18. Qxc3 b5 19. Nxa5 bxa4 20. Nc4 Nf4 21. Rh2
Ra6 22. b3 Rc6 23. Ka1 Qb5 24. Na3 Qa6 25. Qb2 axb3 26. cxb3 Nd3 27. Qb1 Rc3
28. Rc2 Rxc2 29. Nxc2 Nc5 30. Kb2 Qe2 31. Rf1 Bh3 32. Re1 Nd3+ 0-1

[Event "20. Obert Int. Sant Marti 2018 - B"]
[Site "Barcelona ESP"]
[Date "2018.07.14"]
[Round "2.43"]
[White "Palacios Pena, Gerardo"]
[Black "Planella Zavala, Ivan"]
[Result "1-0"]
[WhiteElo "1905"]
[BlackElo "1310"]
[PlyCount "125"]
[EventDate "2018.07.13"]
[EventType "swiss"]
[EventRounds "9"]
[EventCountry "ESP"]
[SourceTitle "Ajedrez en Madrid"]
[Source "lmi"]
[SourceDate "2018.07.13"]
[SourceVersion "1"]
[SourceVersionDate "2019.06.21"]
[SourceQuality "1"]

1. Nf3 d5 2. b3 Nf6 3. Bb2 e6 4. g3 Bd6 5. Bg2 O-O 6. O-O Nbd7 7. d3 b6 8. Nbd2
Bb7 9. c4 c5 10. Qc2 Rc8 11. Rac1 d4 12. e3 Bxf3 13. Nxf3 e5 14. e4 Re8 15. Rb1
Nf8 16. Bc1 Ng6 17. Bd2 a5 18. a3 Qe7 19. Rb2 Ra8 20. Rfb1 Reb8 21. b4 axb4 22.
axb4 Qc7 23. Ra2 cxb4 24. Bxb4 Bxb4 25. Rxb4 b5 26. Rxa8 Rxa8 27. Rxb5 Nd7 28.
Rb1 Nc5 29. Bf1 Ra3 30. Qd2 Nxe4 31. Qb4 Nc3 32. Qb8+ Qxb8 33. Rxb8+ Nf8 34.
Nxe5 Ra7 35. Bh3 g6 36. Nd7 Ne2+ 37. Kg2 Nc1 38. Nxf8 Kg7 39. c5 Nxd3 40. c6
Ne5 41. Rb7 Nxc6 42. Ne6+ Kg8 43. Rxa7 Nxa7 44. Nxd4 Kg7 45. Bd7 Kf6 46. Nb5
Nxb5 47. Bxb5 Ke5 48. Kf3 g5 49. Bd3 h6 50. Kg4 f6 51. Bg6 Ke6 52. Kh5 Ke5 53.
Kxh6 Kd4 54. Bf5 Kc3 55. Kg6 Kd2 56. h4 Ke2 57. h5 Kxf2 58. g4 Kf3 59. h6 Kf4
60. h7 Kf3 61. h8=Q Kg3 62. Qxf6 Kf4 63. Qxg5+ 1-0

[Event "20. Obert Int. Sant Marti 2018 - B"]
[Site "Barcelona ESP"]
[Date "2018.07.14"]
[Round "2.44"]
[White "Sanchez Viana, Jordi"]
[Black "Perez Garcia, Jose Miguel"]
[Result "0-1"]
[WhiteElo "1536"]
[BlackElo "1891"]
[PlyCount "54"]
[EventDate "2018.07.13"]
[EventType "swiss"]
[EventRounds "9"]
[EventCountry "ESP"]
[SourceTitle "Ajedrez en Madrid"]
[Source "lmi"]
[SourceDate "2018.07.13"]
[SourceVersion "1"]
[SourceVersionDate "2019.06.21"]
[SourceQuality "1"]

1. e4 c5 2. d4 cxd4 3. c3 Nf6 4. e5 Nd5 5. cxd4 d6 6. Nf3 Nc6 7. Be2 Bg4 8.
exd6 Qxd6 9. O-O Nf4 10. Bxf4 Qxf4 11. d5 O-O-O 12. Nc3 e6 13. Nd2 h5 14. g3
Qh6 15. dxc6 Rxd2 16. Qb3 b6 17. Ba6+ Kb8 18. c7+ Kxc7 19. Qc4+ Kd8 20. Qc8+
Ke7 21. Bb5 Bf3 22. Rfe1 h4 23. Qc7+ Kf6 24. Qe5+ Kg6 25. Qe3 Qxe3 26. Rxe3 Bb7
27. Bd3+ Kh6 0-1

[Event "20. Obert Int. Sant Marti 2018 - B"]
[Site "Barcelona ESP"]
[Date "2018.07.14"]
[Round "2.45"]
[White "Moreno Perez, Norberto"]
[Black "Peter, Louis-Alexis"]
[Result "1/2-1/2"]
[WhiteElo "1874"]
[BlackElo "1558"]
[PlyCount "93"]
[EventDate "2018.07.13"]
[EventType "swiss"]
[EventRounds "9"]
[EventCountry "ESP"]
[SourceTitle "Ajedrez en Madrid"]
[Source "lmi"]
[SourceDate "2018.07.13"]
[SourceVersion "1"]
[SourceVersionDate "2019.06.21"]
[SourceQuality "1"]

1. e4 c5 2. Nf3 e6 3. d4 cxd4 4. Nxd4 Nf6 5. e5 Nd5 6. c4 Nc7 7. Bd3 d6 8. Qe2
dxe5 9. Qxe5 Nd7 10. Qf4 e5 11. Qe4 Be7 12. Nb3 Nf6 13. Qe2 O-O 14. h3 e4 15.
Bc2 Re8 16. O-O b6 17. Rd1 Bd7 18. Bg5 Qc8 19. Nc3 Bc6 20. Bxf6 Bxf6 21. Rac1
Bxc3 22. bxc3 Qa6 23. Nd4 Ba4 24. Bb3 Rad8 25. Qe3 Bxb3 26. axb3 Qb7 27. Qg5 h6
28. Qg3 Ne6 29. Nf5 Kh7 30. Nd6 Rxd6 31. Rxd6 Nc5 32. Rcd1 Nd3 33. Qg4 Qe7 34.
Rd7 Qf6 35. Qe2 Nf4 36. Qe3 Qg5 37. g3 Nxh3+ 38. Kg2 Qg4 39. R1d5 Ng5 40. Rxg5
Qxg5 41. Qxg5 hxg5 42. Rxf7 e3 43. fxe3 Rxe3 44. Rxa7 Rxc3 45. Rb7 Rxb3 46. c5
b5 47. c6 1/2-1/2

[Event "20. Obert Int. Sant Marti 2018 - B"]
[Site "Barcelona ESP"]
[Date "2018.07.14"]
[Round "2.46"]
[White "Lozano Ruiz, David"]
[Black "Gibert Juan, Ramon"]
[Result "1-0"]
[WhiteElo "1869"]
[BlackElo "1567"]
[PlyCount "65"]
[EventDate "2018.07.13"]
[EventType "swiss"]
[EventRounds "9"]
[EventCountry "ESP"]
[SourceTitle "Ajedrez en Madrid"]
[Source "lmi"]
[SourceDate "2018.07.13"]
[SourceVersion "1"]
[SourceVersionDate "2019.06.21"]
[SourceQuality "1"]

1. d4 d5 2. c4 e6 3. Nc3 Nf6 4. cxd5 Nxd5 5. Nf3 Be7 6. e4 Nf6 7. Bg5 O-O 8.
Bd3 h6 9. Bf4 c5 10. e5 Nd5 11. Nxd5 exd5 12. O-O Bg4 13. dxc5 Bxc5 14. Rc1 Bb6
15. Bb5 a6 16. Ba4 Ba7 17. Qd3 Bxf3 18. Qxf3 b5 19. Bb3 Nd7 20. Bxd5 Rc8 21.
Bb7 Rxc1 22. Rxc1 Qe7 23. Bxa6 Nxe5 24. Qe2 f6 25. Bxb5 Qb4 26. Bg3 Rf7 27.
Bxe5 Re7 28. Qc4+ Qxc4 29. Bxc4+ Kh7 30. Bd3+ Kg8 31. Bg6 Rf7 32. Bxf7+ Kxf7
33. Rc7+ 1-0

[Event "20. Obert Int. Sant Marti 2018 - B"]
[Site "Barcelona ESP"]
[Date "2018.07.14"]
[Round "2.47"]
[White "Garcia Quevedo, Jose"]
[Black "Gupta, Ritvik"]
[Result "1-0"]
[WhiteElo "1864"]
[BlackElo "1021"]
[PlyCount "57"]
[EventDate "2018.07.13"]
[EventType "swiss"]
[EventRounds "9"]
[EventCountry "ESP"]
[SourceTitle "Ajedrez en Madrid"]
[Source "lmi"]
[SourceDate "2018.07.13"]
[SourceVersion "1"]
[SourceVersionDate "2019.06.21"]
[SourceQuality "1"]

1. d4 d5 2. c4 e6 3. Nc3 Nf6 4. cxd5 exd5 5. Bg5 Be7 6. Qc2 O-O 7. e3 Nbd7 8.
Bd3 h6 9. Bh4 b6 10. Nge2 Bb7 11. O-O c5 12. Bxf6 Nxf6 13. dxc5 bxc5 14. Rfd1
Rc8 15. Bf5 Rb8 16. Rd2 Qc7 17. Rad1 Rbd8 18. Bh3 Ne4 19. Nxd5 Qe5 20. f4 Qh5
21. Nxe7+ Kh8 22. Rxd8 Rxd8 23. Rxd8+ Kh7 24. Ng3 Qh4 25. Bf5+ g6 26. Bxe4 Qxe7
27. Qd3 Bxe4 28. Nxe4 f5 29. Rd7 1-0

[Event "20. Obert Int. Sant Marti 2018 - B"]
[Site "Barcelona ESP"]
[Date "2018.07.14"]
[Round "2.48"]
[White "Aagam, Aditya E"]
[Black "Farre Buil, Carles"]
[Result "0-1"]
[WhiteElo "1579"]
[BlackElo "1855"]
[PlyCount "144"]
[EventDate "2018.07.13"]
[EventType "swiss"]
[EventRounds "9"]
[EventCountry "ESP"]
[SourceTitle "Ajedrez en Madrid"]
[Source "lmi"]
[SourceDate "2018.07.13"]
[SourceVersion "1"]
[SourceVersionDate "2019.06.21"]
[SourceQuality "1"]

1. e4 c5 2. Nf3 g6 3. d4 cxd4 4. Nxd4 Bg7 5. Nc3 Nc6 6. Be3 Nf6 7. f4 d6 8.
Nxc6 bxc6 9. e5 Ng4 10. Qf3 Nxe3 11. Qxe3 dxe5 12. Qc5 Qb6 13. Qxb6 axb6 14.
fxe5 Bxe5 15. Nd1 Be6 16. a3 O-O 17. c3 Rfd8 18. Nf2 Bf4 19. Nd3 Bh6 20. Rd1
Bb3 21. Ra1 Bc2 22. Nb4 Bd2+ 23. Kf2 Be4 24. Be2 c5 25. Na2 Bg5 26. Rad1 e6 27.
Nc1 Bh4+ 28. Ke3 Bxg2 29. Rhg1 Bc6 30. Rg4 Rxd1 31. Bxd1 Be7 32. Nd3 Bd6 33. h4
f5 34. Rg1 c4 35. Nf2 e5 36. h5 Kg7 37. hxg6 hxg6 38. Bh5 Be8 39. Ke2 Kh6 40.
Bf3 e4 41. Bg2 Rd8 42. Rd1 Bc7 43. Rd4 Rxd4 44. cxd4 Bc6 45. Ke3 f4+ 46. Ke2
f3+ 47. Bxf3 exf3+ 48. Ke3 Kh5 49. Nd1 Bg3 50. a4 f2 51. Nxf2 Bxf2+ 52. Kxf2
Kg4 53. Ke3 Kg3 54. d5 Bxd5 55. Kd4 Bc6 56. Kxc4 Bxa4 57. b4 g5 58. b5 g4 59.
Kb4 Bxb5 60. Kxb5 Kf4 61. Kxb6 g3 62. Kb5 g2 63. Kb4 g1=Q 64. Kc3 Qb1 65. Kc4
Qb2 66. Kd5 Qc3 67. Ke6 Qc5 68. Kd7 Qb6 69. Kc8 Qa7 70. Kd8 Ke5 71. Ke8 Ke6 72.
Kd8 Qd7# 0-1

[Event "20. Obert Int. Sant Marti 2018 - B"]
[Site "Barcelona ESP"]
[Date "2018.07.14"]
[Round "2.49"]
[White "Bao, Jin Wen"]
[Black "Munoz Lozano, Jorge Manuel"]
[Result "1-0"]
[WhiteElo "1302"]
[BlackElo "1787"]
[PlyCount "95"]
[EventDate "2018.07.13"]
[EventType "swiss"]
[EventRounds "9"]
[EventCountry "ESP"]
[SourceTitle "Ajedrez en Madrid"]
[Source "lmi"]
[SourceDate "2018.07.13"]
[SourceVersion "1"]
[SourceVersionDate "2019.06.21"]
[SourceQuality "1"]

1. e4 g6 2. d4 Bg7 3. Nc3 d6 4. Be3 a6 5. Qd2 b5 6. h4 h5 7. Nh3 Nd7 8. Ng5 Bb7
9. f3 Ngf6 10. O-O-O O-O 11. g4 c5 12. gxh5 Nxh5 13. dxc5 Nxc5 14. Kb1 Qc7 15.
Bh3 Na4 16. Nxa4 bxa4 17. Bg4 Rfb8 18. Bxh5 Bxe4 19. Bd4 Bxd4 20. Qxd4 Qxc2+
21. Ka1 a3 22. b3 Bd3 23. Rxd3 Rc8 24. Rdd1 Rc3 25. Qd2 Rac8 26. Qxc2 Rxc2 27.
Bg4 R8c3 28. Ne4 Re3 29. Rhe1 Rxe1 30. Rxe1 f5 31. Ng5 fxg4 32. fxg4 d5 33. Rh1
d4 34. h5 gxh5 35. gxh5 Rg2 36. Ne6 Rg4 37. h6 d3 38. h7+ Kh8 39. Kb1 Rg2 40.
Nf8 e5 41. Kc1 e4 42. Rh6 Rg1+ 43. Kd2 Rg2+ 44. Kc3 d2 45. Kc2 e3 46. Ng6+ Rxg6
47. Rxg6 Kxh7 48. Re6 1-0

[Event "20. Obert Int. Sant Marti 2018 - B"]
[Site "Barcelona ESP"]
[Date "2018.07.14"]
[Round "2.50"]
[White "Vargas Rodriguez, Gabriel"]
[Black "Pascual Gonzalez-Novelles, Carles"]
[Result "1/2-1/2"]
[WhiteElo "1448"]
[BlackElo "1717"]
[PlyCount "42"]
[EventDate "2018.07.13"]
[EventType "swiss"]
[EventRounds "9"]
[EventCountry "ESP"]
[SourceTitle "Ajedrez en Madrid"]
[Source "lmi"]
[SourceDate "2018.07.13"]
[SourceVersion "1"]
[SourceVersionDate "2019.06.21"]
[SourceQuality "1"]

1. e4 e6 2. d4 d5 3. Nc3 Bb4 4. exd5 exd5 5. Bd3 Nf6 6. Nf3 O-O 7. O-O Bg4 8.
Bg5 c6 9. Re1 Nbd7 10. a3 Ba5 11. h3 Bh5 12. Bf5 h6 13. Bh4 g5 14. Bg3 Re8 15.
Qd3 Nf8 16. Rxe8 Qxe8 17. Re1 Qd8 18. Ne5 c5 19. Bh2 Qb6 20. Na4 Qd8 21. Nc3
Qb6 1/2-1/2

[Event "20. Obert Int. Sant Marti 2018 - B"]
[Site "Barcelona ESP"]
[Date "2018.07.14"]
[Round "2.52"]
[White "Gonzalez Moreno, Antoni"]
[Black "Campins Barberia, Jon"]
[Result "1-0"]
[WhiteElo "1667"]
[BlackElo "1547"]
[PlyCount "77"]
[EventDate "2018.07.13"]
[EventType "swiss"]
[EventRounds "9"]
[EventCountry "ESP"]
[SourceTitle "Ajedrez en Madrid"]
[Source "lmi"]
[SourceDate "2018.07.13"]
[SourceVersion "1"]
[SourceVersionDate "2019.06.21"]
[SourceQuality "1"]

1. c4 Nf6 2. Nc3 e6 3. g3 d5 4. cxd5 Nxd5 5. Bg2 Nxc3 6. bxc3 Nd7 7. d4 Rb8 8.
Rb1 b6 9. Nf3 Bb7 10. O-O Be7 11. Qa4 a5 12. Ne5 Bxg2 13. Kxg2 Rb7 14. Nc6 Qc8
15. Ba3 Bd6 16. e4 f6 17. e5 fxe5 18. dxe5 Bxa3 19. Qxa3 Nc5 20. Rbd1 Kf7 21.
Qc1 Re8 22. Qg5 b5 23. Rd8 Rxd8 24. Nxd8+ Kg8 25. Qe7 h6 26. Nxb7 Qxb7+ 27. Kg1
Qc6 28. Rd1 b4 29. cxb4 axb4 30. Rc1 Qd7 31. Qxc5 Qd2 32. Qxc7 Qxa2 33. Qb8+
Kh7 34. Qxb4 Qe2 35. Qb1+ Kg8 36. Qg6 Qa6 37. Rd1 Qb6 38. Rd7 Qb1+ 39. Qxb1 1-0